000 00298nam a2200109Ia 4500
008 200302s9999 xx 000 0 und d
100 _aAnthony Speaight & Others
245 _aArchitect's Legal Handbook the Law for Architects 9th ed.
260 _bElsevier Inc.
260 _c2010
300 _a413 P.,
999 _c2808
_d2808